000
00285nam a22001217a 4500
082
_a
658.47 BRA'B
100
_a
BRATT, ELMER CLARK
_9
58618
245
_a
BUSINESS CYCLES AND FORECASTING
250
_a
3RD
260
_a
ILLINOIS
_b
RICHARD D. IRWIN
_c
1948
300
_a
585P
942
_c
BK
999
_c
568777
_d
568777